00360nam a2200133Ia 4500003000400000005001700004008004100021040001800062041000800080100005400088110002400142245004000166260002000206OSt20230526165710.0211028s2016 xx 000 0 und d cAIMIT LIBRARY aeng aJose, Robin Thomas; Mascarenhas, Vincent.e141921 aVincent Mascarenhas aGST mAx ERP- cab management system. aMangalorec2016